Soldier Sahibs : (Record no. 580050)

MARC details
000 -LEADER
fixed length control field 00462nam a2200193 a 4500
008 - FIXED-LENGTH DATA ELEMENTS--GENERAL INFORMATION
fixed length control field 250811s2001##################000#0#eng##
020 ## - INTERNATIONAL STANDARD BOOK NUMBER
ISBN 9780349114569
082 04 - DEWEY DECIMAL CLASSIFICATION NUMBER
Classification number 954.0310922
Item number ALL
100 1# - MAIN ENTRY--AUTHOR NAME
Personal name Allen, Charles,
245 10 - TITLE STATEMENT
Title Soldier Sahibs :
260 ## - PUBLICATION, DISTRIBUTION, ETC. (IMPRINT)
Name of publisher Gardners Books,
Year of publication 2001.
300 ## - PHYSICAL DESCRIPTION
Number of Pages 368 pages
650 #0 - SUBJECT ADDED ENTRY--TOPICAL TERM
Topical Term History.
942 ## - ADDED ENTRY ELEMENTS (KOHA)
Koha item type English Books
Holdings
Withdrawn status Lost status Damaged status Not for loan Home library Current library Shelving location Date acquired Full call number Accession Number Price effective from Koha item type
        Anna Centenary Library Anna Centenary Library 7TH FLOOR, B WING 11.08.2025 954.0310922 ALL 361097 11.08.2025 English Books

Find us on the map